The Québec establishment : the ruling class and the state /

Guardat en:
Dades bibliogràfiques
Autor principal: Fournier, Pierre, 1947-
Format: Llibre
Idioma:English
Publicat: Montreal : Black Rose Books, 1976.
Col·lecció:Black Rose books ; no. F 30
Matèries:
LEADER 01153nam a2200313 i 4500
001 c000377881
003 CARM
005 00000000000000.0
008 771207s1976 quc b 00010 eng
010 |a 77372349 //r942 
015 |a C77-105-X 
019 1 |a 1075448  |5 LACONCORD2021 
020 |a 0919618286  |c $12.95.  |a 0919618278 (pbk.) 
035 |a (OCoLC)3541451  |5 LACONCORD2021 
043 |a n-cn-qu 
050 0 0 |a HD3616.C24  |b Q44 
082 0 0 |a 338.7/4/09714 
100 1 |a Fournier, Pierre,  |d 1947- 
245 1 4 |a The Québec establishment :  |b the ruling class and the state /  |c by Pierre Fournier. 
260 |a Montreal :  |b Black Rose Books,  |c 1976. 
300 |a 228 p. ;  |c 23 cm. 
490 0 |a Black Rose books ; no. F 30 
504 |a Bibliography: p. 223-228. 
650 0 |a Big business  |z Québec (Province) 
650 0 |a Corporations  |z Québec (Province) 
650 0 |a Industrial policy  |z Québec (Province) 
852 8 |b CARM  |h A1:AO01F0  |i B08043  |p 0357023  |f BK 
999 f f |i 09aae7e3-be7d-5a3b-8d1f-9637f683209e  |s 2fe941ab-3407-5833-bd2f-ac06a7b90f50 
952 f f |p Can circulate  |a CAVAL  |b CAVAL  |c CAVAL  |d CARM 1 Store  |e B08043  |f A1:AO01F0  |h Other scheme  |i book  |m 0357023